| 000 | 00000nam 2200000zi 4500 |
| 001 | 9.902878 |
| 003 | CaOODSP |
| 005 | 20221107180102 |
| 006 | m o d f |
| 007 | cr cn||||||||| |
| 008 | 210826t20212021onc o f000 0 eng d |
| 020 | |a9780660401812 |
| 040 | |aCaOODSP|beng|erda|cCaOODSP |
| 043 | |an-cn--- |
| 045 | |ay2y2 |
| 086 | 1 |aFC5-58/2021E-PDF |
| 245 | 00|aSurvey of consumers' awareness of their financial rights and responsibilities : |bfinal report / |cprepared for Financial Consumer Agency of Canada. |
| 264 | 1|a[Ottawa] : |bFinancial Consumer Agency of Canada = Agence de la consommation en matière financière du Canada, |c2021. |
| 264 | 4|c©2021 |
| 300 | |a1 online resource (24 pages) + |eexecutive summary (5 unnumbered pages) |
| 336 | |atext|btxt|2rdacontent |
| 337 | |acomputer|bc|2rdamedia |
| 338 | |aonline resource|bcr|2rdacarrier |
| 500 | |aIssued also in French under title: Sondage sur la sensibilisation des consommateurs à l'égard de leurs droits et responsabilités en matière financière : rapport final. |
| 500 | |a"Supplier Name: Environics Research." |
| 500 | |a"Contract Number: 5R000-201617/001/CY." |
| 500 | |a"Registration Number: POR 119-20." |
| 500 | |a"April 2021." |
| 500 | |aIssued also in HTML format. |
| 650 | 0|aBanks and banking|xCustomer services|zCanada|xPublic opinion. |
| 650 | 0|aCredit cards|zCanada|xPublic opinion. |
| 650 | 0|aCredit insurance|zCanada|xPublic opinion. |
| 650 | 0|aPublic opinion|zCanada. |
| 710 | 2 |aFinancial Consumer Agency of Canada, |eissuing body. |
| 710 | 2 |aEnvironics Research Group, |econsultant. |
| 775 | 08|tSondage sur la sensibilisation des consommateurs à l'égard de leurs droits et responsabilités en matière financière : |w(CaOODSP)9.902879 |
| 795 | |tSurvey of consumers' awareness of their financial rights and responsibilities : |w(CaOODSP)9.874178 |
| 856 | 40|qPDF|s451 KB|uhttps://publications.gc.ca/collections/collection_2021/acfc-fcac/FC5-58-2021-1-eng.pdf|z(final report) |
| 856 | 40|qPDF|s246 KB|uhttps://publications.gc.ca/collections/collection_2021/acfc-fcac/FC5-58-2021-2-eng.pdf|z(executive summary) |
| 856 | 4 |qHTML|sN/A|uhttps://epe.lac-bac.gc.ca/100/200/301/pwgsc-tpsgc/por-ef/financial_consumer_agency/2021/119-20-e/REPORT.htm|z(final report) |
| 856 | 4 |qHTML|sN/A|uhttps://epe.lac-bac.gc.ca/100/200/301/pwgsc-tpsgc/por-ef/financial_consumer_agency/2021/119-20-e/summary/SUMMARY.htm|z(executive summary) |